Biology / (Record no. 167892)
[ view plain ]
| 000 -LEADER | |
|---|---|
| fixed length control field | 00616nam a22001937a 4500 |
| 005 - DATE AND TIME OF LATEST TRANSACTION | |
| control field | 20190923121055.0 |
| 010 ## - LCCN (DPL NO) | |
| LC control number | ENG-126508 |
| 020 ## - INTERNATIONAL STANDARD BOOK NUMBER | |
| Terms of availability | 440.00 |
| International Standard Book Number | 9789386519276 |
| 035 ## - SYSTEM CONTROL NUMBER | |
| System control number | EN-110040 |
| 037 ## - SOURCE OF ACQUISITION | |
| Source of stock number/acquisition | DBAD/PUB |
| 082 ## - DEWEY DECIMAL CLASSIFICATION NUMBER | |
| Classification number | 570 |
| Edition number | 2018 |
| 100 ## - MAIN ENTRY--PERSONAL NAME | |
| Personal name | Arumugam, N |
| 245 ## - TITLE STATEMENT | |
| Title | Biology / |
| Statement of responsibility, etc | By N. Arumugam [and] V. Kumaresan |
| 260 ## - PUBLICATION, DISTRIBUTION, ETC. (IMPRINT) | |
| Place of publication, distribution, etc | Kanyakumari |
| Name of publisher, distributor, etc | Saras Publication |
| Date of publication, distribution, etc | 2018 |
| 270 ## - ADDRESS | |
| City | Nagercoil |
| Address | 114/35G.A.R.P Camp Road,Perivilai, Kottar |
| Postal code | 629002 |
| Telephone number | 04562265026 |
| Fax number | 04652265099 |
| Electronic mail address | info@saraspublication.com |
| 300 ## - PHYSICAL DESCRIPTION | |
| Extent | 752p |
| Dimensions | 22cm(pbk) |
| 700 ## - ADDED ENTRY--PERSONAL NAME | |
| Personal name | Kumaresan, V |
| 942 ## - ADDED ENTRY ELEMENTS (KOHA) | |
| Source of classification or shelving scheme | Dewey Decimal Classification |
| Item type | English Books |
| Classification part | 570 |
| Call number suffix | ARU |
| Withdrawn status | Lost status | Not for loan | Collection code | Home library | Current library | Date acquired | Source of acquisition | Cost, normal purchase price | Full call number | Barcode | Copy number | Cost, replacement price | Koha item type |
|---|---|---|---|---|---|---|---|---|---|---|---|---|---|
| Non-fiction | D.B.Act.Division | Mobile Library | 23/09/2019 | DBAD/PUB | 440.00 | 570 ARU | EN-110040 | 1 | 440.00 | English Books |
